Estimating prudent budgetary margins for 11 EU countries <a> simulated SVAR model approach
Enregistré dans:
| Auteur principal: | |
|---|---|
| Autres auteurs: | |
| Format: | Livre |
| Langue: | anglais |
| Publié: |
Paris
OECD
1999
|
| Collection: | Economics department working papers
No. 216 |
| Sujets: | |
| Tags: |
Pas de tags, Soyez le premier à ajouter un tag!
|
MARC
| LEADER | 00000nam a2200000 4500 | ||
|---|---|---|---|
| 001 | c120070 | ||
| 005 | 20221221084257.6 | ||
| 041 | 0 | |a eng | |
| 044 | |a FR | ||
| 245 | 1 | 0 | |a Estimating prudent budgetary margins for 11 EU countries |b <a> simulated SVAR model approach |c Thomas Dalsgaard and Alain De Serres |
| 264 | 1 | |a Paris |b OECD |c 1999 | |
| 300 | |a 45 s. | ||
| 490 | 1 | |a Economics department working papers |v No. 216 | |
| 830 | 0 | |a Economics department working papers |v No. 216 | |
| 610 | 2 | 0 | |a príjmy rozpočtu štátneho |
| 610 | 2 | 0 | |a produkt domáci hrubý |
| 610 | 2 | 0 | |a produkt domáci čistý |
| 610 | 2 | 0 | |a porovnanie medzinárodné |
| 610 | 2 | 0 | |a Európa |
| 610 | 2 | 0 | |a Európska únia |
| 610 | 2 | 0 | |a Európske spoločenstvá |
| 610 | 2 | 0 | |a modelovanie ekonometrické |
| 100 | 1 | |a Dalsgaard, Thomas | |
| 700 | 1 | |a DeSerres, Alain | |